Einige Bemerkungen zum Englandhandel pommerscher Städte in der Zeit nach dem Utrechter Frieden

Titel: Einige Bemerkungen zum Englandhandel pommerscher Städte in der Zeit nach dem Utrechter Frieden
Verfasser:
In: Pommern, (1996), Seite 100-115
alle Artikel anzeigen
Veröffentlicht: 1996
Format: Aufsatz
Sprache: Deutsch
Kein Bild verfügbar
X
alg: 39162812
001A    $01999:11-11-16 
001B    $01999:29-03-21 $t21:45:40.000 
001D    $01999:11-11-16 
001U    $0utf8 
001X    $00 
002@    $0Aox 
003@    $0391628127 
007A    $0391628127 $aHEB 
007T    $0Herd08725 
010@    $ager 
011@    $a1996 
021A    $aEinige Bemerkungen zum Englandhandel pommerscher Städte in der Zeit nach dem Utrechter Frieden 
028A    $aJörn $dNils 
031A    $h100-115 $j1996 
039B    $aIn $8--Aau--. Pommern. - Greifswald : Steinbecker Verl. Rose, 1996. - 468 S.. - Ill., Kt.. - ISBN 3-931483-08-8 $x199600000000000900 $9050939963 
045F    $a900.9438160902 $eDDC23BSB 
045F/01 $a900 
045F/03 $f0902 
045F/03 $g43816 

lok: 39162812 78

exp: 39162812 78 1 #EPN
201B/01 $027-06-18 $t23:05:08.000 
201U/01 $0utf8 
203@/01 $0787722588 
208@/01 $a11-11-16 $be 
209A/01 $a/ $f000 $x00 
220C/01 $aTitelaufnehmer: nk 
244Z/01 $2Trx $#Pomeranija $#Pommern $#Pomoransko $#Pomořansko $#Hinterpommern;Vorpommern;Mittelpommern $#Pomorze Środkowe;Pomorze Przednie $#Pomořansko;Západní Pomořany; Pomořany $8--Trx--Pomorze Zachodnie $x01 $9391303775 
244Z/01 $2Trx $#Anglia $8--Trx--England $x02 $9391152327 
244Z/01 $#Kolberg $75057070-5 $8--Tg1--Kołobrzeg $x03 $9044717024 
244Z/01 $#Stralsund $#Hansestadt Stralsund $#Stadt Stralsund $#Straalsund $#Strahlsund $#Stralesundium $#Sundia $74057860-4 $8--Tg1--Stralsund $x04 $9085160881 
244Z/01 $aGeschichte 1476-1554 $x05 
244Z/01 $2Trx $#Utrecht, rahu 1474 $#Utrechto taika 1474 $#Utrecht, Treaty of 1474 $#utrechti béke 1474 $#pokój w Utrechcie 1474 $#Utrechtský mier 1474 $#mír utrechtský 1474 $8--Trx--Utrecht, Frieden von$g1474 $x06 $9391381806 
244Z/01 $2Trx $#hansaliit $#Hanza $#Hanseatic League $#Hanza-Szövetség $#Hanza $#hanza $#hanza $8--Trx--Hanse $x07 $9391375512 
244Z/01 $2Trx $#kaubavahetus üldiselt $#prekyba bendras $#trade $#kereskedelem általános $#handel ogólnie $#obchod všeobecne $#obchod všeobecně $#Gewerbe $#remeslo, živnosť $8--Trx--Handel$gallgemein $x08 $9391373781 
244Z/01 $2Trx $8--Trx--Einzelbeiträge $x09 $9391384570 
245Z/01 $a06.02 $x01 
247C/01 $82080>Marburg/Lahn, Herder-Institut, Forschungsbibliothek, Bibliographieportal $9336309341
LEADER 00000caa a22000002c 4500
001 391628127
003 DE-603
005 20210329214540.0
007 tu
008 161111s1996 xx |||| | u00||u|ger c
035 |a (DE-599)HEB391628127 
040 |a DE-603  |b ger  |c DE-603  |d DE-603 
041 |a ger 
082 0 4 |8 1\u  |a 900.9438160902  |q DE-101  |2 23/BSB 
085 |8 1\u  |b 900 
085 |8 1\u  |z 1  |s 0902 
085 |8 1\u  |z 2  |s 43816 
100 1 |a Jörn, Nils 
245 0 0 |a Einige Bemerkungen zum Englandhandel pommerscher Städte in der Zeit nach dem Utrechter Frieden 
264 0 |c 1996 
773 0 8 |i In  |t Pommern  |d Greifswald : Steinbecker Verl. Rose, 1996  |h 468 S., Ill., Kt.  |z 3931483088  |g (1996), Seite 100-115  |w (DE-603)050939963 
924 0 |9 2080  |a (DE-603)787722588  |b DE-2080  |c HES  |d d  |g /